Essential Relativity: special, general and cosmological

Saved in:
Bibliographic Details
Main Author: Rindler, Wolfgang (Author)
Format: Book
Language:English
Published: Nueva York Van Nostrand Reinhold 1969
Subjects:
Tags: Add Tag
No Tags, Be the first to tag this record!

MARC

LEADER 00000nam a2200000 a 4500
001 UCH2006
003 CL-VaPUC
008 090520e19690000US |||||||||||||||||eng|d
082 0 4 |a 530.11  |b RIN  |2 21 
100 0 |a Rindler, Wolfgang  |e author  |9 536641 
245 1 0 |a Essential Relativity: special, general and cosmological 
300 |a 322 p 
942 |c BK 
945 |d 20090520 00:00:00  |a dcastane 
260 |a Nueva York  |b Van Nostrand Reinhold  |c 1969 
650 0 |a Teoría de la relatividad   |9 266149 
650 0 |a Física   |9 227844 
650 0 |a Espacio y tiempo  |9 265042 
650 0 |a Cosmología  |9 269138 
583 |a last modification  |c 20090520 00:00:00  |k Rodrigo Vera 
999 |c 333873  |d 333871 
952 |0 0  |1 0  |4 0  |6 530_110000000000000_RIN_1969  |7 0  |8 A  |9 422517  |a BIBCUR  |b BIBCUR  |d 2019-11-22  |i 4534905  |o 530.11 RIN 1969  |p 4534905  |r 2025-04-22  |w 2019-11-22  |y BK  |k FIS